000
00215nam a22001097a 4500
041
_a
eng
080
_a
80
100
_a
Martini, Fritz
245
_a
Deutsche Literaturgeschichte.
650
_a
German
999
_c
281021
_d
281021
942
_c
BK